000 00552nam a2200229Ia 4500
003 OSt
005 20220928114608.0
006 a|||||r|||| 00| 0
007 ta
008 220927b |||||||| |||| 00| 0 eng d
024 _a125605
037 _cTextual
040 _aSDCL
_cSDCL
_beng
041 _2eng
_aeng
082 _aB33:1, L6
100 _aWatson G A Ed.
_9440034
245 0 _aNumerical analysis.
260 _c1976
300 _ax,206p.
_ccm.
942 _hB33:1, L6
_cTEXL
_2CC
999 _c755679
_d755679